Born in Shreveport/Louisiana - Statistics

General Stats
  • This quiz has been taken 21 times
    8 since last reset
  • The average score is 5 of 11
Answer Stats
Hint Answer % Correct
Singer and son of a country music legend, he controversialy compared President Obama to Hitler 1949 Hank Williams Jr.
100%
Former tennis coach and father of two famous tennis players, portrayed by Will Smith in "King Richard" 1942 Richard Williams
86%
Center who plays for the Portland Trail Blazers (former Celtics player) 1997 Robert Williams
86%
Hall of Fame quarterback who played for the Pittsburgh Steelers 1948 Terry Bradshaw
57%
Hall of Fame shooting guard who played for the Detroit Pistons and president of basketball operations for the Pistons from 2000 to 2014 and in the same position for the New Orleans Pelicans since 2025 1963 Joe Dumars
43%
Senator from Arkansas since 2011 1950 John Boozman
29%
Hall of Fame center who played for the Boston Celtics, Golden State Warriors and Charlotte Hornets 1953 Robert Parish
29%
Governor of Louisiana from 1988 to 1992, he switched affliation from the Democratic Party to the Republican Party while serving as governor 1943 Buddy Roemer
14%
Country music singer, "If You Ain't Lovin' (You Ain't Livin')" "It's Four in the Morning" 1932 Faron Young
14%
Astrophysicist, known for his contributions to the development of the Hubble Space Telescope 1934 John N. Bahcall
14%
Cornerback who plays for the Baltimore Ravens (former Bills player) 1995 Tre`Davious White
14%
No matching quizzes found
Score Distribution
Percent of People with Each Score
Percentile by Number Answered
Your Score History
You have not taken this quiz since the last reset